| 000 | 00546 a2200241 4500 | ||
|---|---|---|---|
| 260 | _aParis | ||
| 630 | _a33 - Economie. Economie politique | ||
| 037 | _b1, Achat | ||
| 650 | _a3 - SCIENCES SOCIALES | ||
| 100 | _a<de>Boissieu, Christian | ||
| 260 | _bEconomica | ||
| 245 | _aPrincipes de politique économique | ||
| 300 | _a651 p. | ||
| 650 | _aPolitique économique | ||
| 260 | _c1980 | ||
| 300 | _b25 cm. | ||
| 100 | _lFr | ||
| 037 | _aDE 5539 | ||
| 250 | _a2è éd. | ||
| 020 | _a2-7178-0312-2 | ||
| 999 |
_c38530 _d38530 |
||